000 00419pab a2200157 454500
008 180718b2011 xxu||||| |||| 00| 0 eng d
100 _aAlba, Richard
245 _aSchools and the diversity transition in the wealthy societies of the west
260 _c2011
300 _ap.1616-1634.
362 _aDec
650 _aEducational systems
773 _aAmerican Behavioral Scientist
908 _aN
909 _a94636
999 _c94636
_d94636